Poesía de hoy, poesía de ayer

Bibliografische gegevens
Formaat: Boek
Taal:Spanish
Onderwerpen:

MARC

LEADER 00000cam a2200000 a 4500
001 69388
003 Ucuenca
005 20231017080150.0
008 002010|1984 ec |||||r|||||||||||spa||
040 |b spa 
041 0 |a es 
082 0 |a E861.904 
245 |a Poesía de hoy, poesía de ayer  |c Municipalidad de Cuenca  |h imp 
264 |a Cuenca  |b s.ed.  |c 1984 
300 |a 95 páginas:  |c 21.5 cm 
650 0 |a Poesía cuencana  |9 4951 
650 1 7 |a Poesía ecuatoriana  |9 618 
852 |a UC-CDJBV  |f Donación  |l 1  |m General  |p 20020109  |q 1,00  |r 8  |t 69388  |b 0  |d CDRC  |e CDRC  |g E861.904 TERCER PISO  |z 2002-20-10 
942 |c BK  |2 ddc  |z teodoro.astudillo@ucuenca.edu.ec 
999 |c 15353  |d 15353